[Event "GER-chT U12"]
[Site "Magdeburg"]
[Date "2019.12.28"]
[Round "4.3"]
[White "Bangiev, Anton"]
[Black "Stadelmann, Constantin"]
[Result "1-0"]
[WhiteElo "1431"]
[BlackElo "1295"]
[PlyCount "49"]
[EventDate "2019.12.27"]
[EventType "team-swiss"]
[EventRounds "7"]
[EventCountry "GER"]
[SourceTitle "CBM 194 Extra"]
[Source "ChessBase"]
[SourceDate "2020.03.31"]
[SourceVersion "1"]
[SourceVersionDate "2020.03.31"]
[SourceQuality "1"]
[WhiteTeam "Bemerode"]
[BlackTeam "Weimar"]
[WhiteTeamCountry "GER"]
[BlackTeamCountry "GER"]

1. e4 d5 2. exd5 Qxd5 3. Nc3 Qa5 4. d3 Nf6 5. Bf4 Bf5 6. Nf3 Nc6 7. g3 e6 8. Bg2 Bc5 9. 0-0 0-0 10. Re1 Rad8 11. Qd2 Rfe8 12. a3 Bd4 13. Rab1 e5 14. Bg5 e4 15. dxe4 Bxe4 16. Nxe4 Qf5 17. Nxf6+ Bxf6 18. Bxf6 gxf6 19. Rxe8+ Rxe8 20. Rc1 Re6 21. c3 Rd6 22. Qe3 Kg7 23. Nh4 Qb5 24. b4 Qa4 25. Nf5+ 1-0

[Event "GER-chT U12"]
[Site "Magdeburg"]
[Date "2019.12.27"]
[Round "2.4"]
[White "Bangiev, Anton"]
[Black "Plenikowski, Julian"]
[Result "1/2-1/2"]
[WhiteElo "1431"]
[BlackElo "1027"]
[PlyCount "81"]
[EventDate "2019.12.27"]
[EventType "team-swiss"]
[EventRounds "7"]
[EventCountry "GER"]
[SourceTitle "CBM 194 Extra"]
[Source "ChessBase"]
[SourceDate "2020.03.31"]
[SourceVersion "1"]
[SourceVersionDate "2020.03.31"]
[SourceQuality "1"]
[WhiteTeam "Bemerode"]
[BlackTeam "Magdeburg Schachzwerge"]
[WhiteTeamCountry "GER"]
[BlackTeamCountry "GER"]

1. e4 e5 2. Nf3 Nc6 3. Nc3 Nf6 4. g3 g6 5. Bg2 Bg7 6. 0-0 0-0 7. d3 d5 8. Bg5 d4 9. Nd5 Qd6 10. Nxf6+ Bxf6 11. Bh6 Re8 12. Qd2 Bg4 13. a3 a5 14. a4 Qd7 15. Bg5 Bh8 16. Qe2 Nb4 17. Rfc1 Ra6 18. Bd2 Rc8 19. Bxb4 axb4 20. b3 Rd8 21. Qe1 c5 22. Qe2 Ra5 23. Qe1 Rda8 24. Nd2 Bg7 25. Nf3 Bh6 26. Rcb1 b5 27. Nxe5 Qe6 28. Nxg4 Qxg4 29. axb5 Rxa1 30. Rxa1 Rb8 31. Ra5 Qg5 32. f4 Qd8 33. Qa1 Qd7 34. e5 Rxb5 35. Rxb5 Qxb5 36. Qa8+ Bf8 37. Qa7 Qe8 38. Qb7 Kg7 39. Bd5 Kg8 40. Kg2 Be7 41. Kg1 1/2-1/2

[Event "GER-ch U25-C"]
[Site "Willingen"]
[Date "2019.06.10"]
[Round "3"]
[White "Bangiev, Anton"]
[Black "Wechtenbruch, Jamie"]
[Result "0-1"]
[WhiteElo "1342"]
[BlackElo "1371"]
[PlyCount "66"]
[EventDate "2019.06.08"]
[EventType "swiss"]
[EventRounds "9"]
[EventCountry "GER"]
[SourceTitle "CBM 191 Extra"]
[Source "ChessBase"]
[SourceDate "2019.09.30"]
[SourceVersion "1"]
[SourceVersionDate "2019.09.30"]
[SourceQuality "1"]

1. e4 d5 2. exd5 Nf6 3. g3 Qxd5 4. Nf3 Bg4 5. Bg2 Qe4+ 6. Kf1 Nc6 7. Nc3 Qe6 8. h3 Bxf3 9. Bxf3 0-0-0 10. d3 Qd7 11. Ne2 e5 12. Bg5 Be7 13. Bxf6 gxf6 14. Kg2 Rhg8 15. Re1 f5 16. a3 Kb8 17. Kh2 Bc5 18. Rf1 Nd4 19. Nxd4 Bxd4 20. Rb1 Bc5 21. b4 Bd6 22. Re1 f4 23. b5 fxg3+ 24. fxg3 e4 25. Rg1 exf3 26. Qxf3 Bxa3 27. Qe3 b6 28. Qf3 Qd5 29. Qxd5 Rxd5 30. Rgf1 f5 31. Rb3 Bd6 32. Rf3 Re5 33. Rf2 Re3 0-1

[Event "Heusenstamm Sparkassen op U14 5th"]
[Site "Heusenstamm"]
[Date "2018.11.25"]
[Round "6"]
[White "Trenz, Finn"]
[Black "Bangiev, Anton"]
[Result "1/2-1/2"]
[WhiteElo "1023"]
[BlackElo "1264"]
[PlyCount "69"]
[EventDate "2018.11.23"]
[EventType "swiss"]
[EventRounds "7"]
[EventCountry "GER"]
[SourceTitle "CBM 188 Extra"]
[Source "ChessBase"]
[SourceDate "2019.02.26"]
[SourceVersion "1"]
[SourceVersionDate "2019.02.26"]
[SourceQuality "1"]

1. e4 e5 2. Nf3 Nc6 3. Bc4 Bc5 4. c3 Bb6 5. d4 Qe7 6. Be3 d6 7. Nbd2 Bg4 8. h3 Bxf3 9. Nxf3 Nf6 10. Qd3 exd4 11. Nxd4 Nxd4 12. Bxd4 Bxd4 13. cxd4 Qxe4+ 14. Qxe4+ Nxe4 15. 0-0 0-0 16. Rfe1 Rfe8 17. Re2 c6 18. Rae1 d5 19. Bd3 Nd6 20. Rxe8+ Rxe8 21. Rxe8+ Nxe8 22. f4 Nd6 23. g4 g6 24. Kf2 f5 25. Kf3 Kf7 26. b4 b5 27. Bc2 Kf6 28. g5+ Kg7 29. a4 a6 30. a5 Nb7 31. h4 h6 32. Bd3 Nd8 33. Bf1 hxg5 34. hxg5 Ne6 35. Ke3 1/2-1/2